| 000 | 00354nam a2200145Ia 4500 | ||
|---|---|---|---|
| 008 | 230917s9999||||xx |||||||||||||| ||und|| | ||
| 040 |
_e214940 _aMAIN |
||
| 041 | _aEnglish | ||
| 082 | _a361.6 G959S | ||
| 100 | _aGupta, Bhuvanesh | ||
| 245 | 0 | _aSocial administration | |
| 260 |
_aJaipur _bRBSA Publishers _c2012 |
||
| 300 | _avi, 319 p. | ||
| 942 | _cBK | ||
| 999 |
_c179631 _d179631 |
||